000 00292nam a2200121Ia 4500
008 191201s2012 xx 000 0 und d
100 _aMAITRA, Gitin M
245 0 _aHandbook of Mechanical Design
260 _aN. Delhi
_bTMH
_c2012
300 _aMISC
650 _aB.Tech(ME)
942 _2ddc
_cBK
999 _c6191
_d6191